| 000 | 01037nam a2200217 a 4500 | ||
|---|---|---|---|
| 001 | 79058 | ||
| 003 | BD-RjUL | ||
| 005 | 20211226095100.0 | ||
| 008 | 211223s1996 ii 000 0 ara d | ||
| 035 | _a(BD-RjUL)79058 | ||
| 040 |
_aHUJI _bara _cBD-RjUL |
||
| 041 | 0 | _aara | |
| 082 |
_223 _a297.188092 _bNOM 1996 |
||
| 100 |
_aالنعماني، محمد عبد الرشيد بقلم محمد عبد الرشيد النعماني ؛ اعتنى به عبد الفتاح ابو غدة ; ; Al-Nomani, Muhammad Abd al-Rashid, _9350 |
||
| 245 | 0 | 0 |
_aمكانة الامام ابي حنيفة في الحديث ;; makanat alamam abi hanifat fi alhadith / _cبقلم محمد عبد الرشيد النعماني ؛ اعتنى به عبد الفتاح ابو غدة. by Muhammad Abd al-Rashid al-Nu'mani; Abd al-Fattah Abu Ghuddah |
| 260 |
_aديوبند;; Deoband _bاتحاد بك, _c١٤١٦ هج.، ١٩٩٦. |
||
| 300 |
_a١٦٣ ص : _b٢٤ سم. |
||
| 600 | 0 | 4 |
_aAbū Ḥanīfah, _d-767 or 768. _9351 |
| 650 | 4 | _aHadith | |
| 942 |
_2ddc _cBK |
||
| 999 |
_c79058 _d79058 |
||